[Event "22nd Wasselonne Open 2018"]
[Site "Wasselonne"]
[Date "2018.08.05"]
[Round "7"]
[White "Mohota, Nisha"]
[Black "Msellek, Ilyass"]
[Result "1/2-1/2"]
[WhiteElo "2268"]
[BlackElo "2242"]
[Annotator "NA"]
[PlyCount "53"]
[EventDate "2018.08.02"]
[EventType "swiss"]
[EventCountry "FRA"]
[SourceTitle "playchess.com"]
[Source "ChessBase"]
[SourceQuality "1"]
[TimeControl "5400+30"]

1. d4 {[%emt 0:00:10]} Nf6 {[%emt 0:07:26]} 2. c4 {[%emt 0:00:16]} g6 {[%emt 0:00:03]} 3. Nc3 {[%emt 0:00:17]} Bg7 {[%emt 0:00:02]} 4. e4 {[%emt 0:00:14]} O-O {[%emt 0:00:06]} 5. Be2 {[%emt 0:02:02]} d6 {[%emt 0:00:05]} 6. Bg5 {[%emt 0:00:11]} Nbd7 {[%emt 0:05:43]} 7. Nf3 {[%emt 0:00:20]} e5 {[%emt 0:03:07]} 8. O-O {[%emt 0:00:53]} exd4 {[%emt 0:08:12]} 9. Nxd4 {[%emt 0:01:42]} Nc5 {[%emt 0:04:31]} 10. f3 {[%emt 0:01:31]} c6 {[%emt 0:05:06]} 11. Qd2 {[%emt 0:01:38]} Nfxe4 {[%emt 0:05:47]} 12. Nxe4 {[%emt 0:14:04]} Nxe4 {[%emt 0:00:34]} 13. fxe4 {[%emt 0:03:24]} Bxd4+ {[%emt 0:00:36]} 14. Kh1 {[%emt 0:36:36]} Qb6 {[%emt 0:05:25]} 15. Rad1 {[%emt 0:06:45]} Be5 {[%emt 0:06:12]} 16. b3 {[%emt 0:06:14]} Be6 {[%emt 0:08:06]} 17. Be7 {[%emt 0:01:15]} Rfe8 {[%emt 0:02:29]} 18. Bxd6 {[%emt 0:00:03]} Bxd6 {[%emt 0:01:07]} 19. Qxd6 {[%emt 0:00:03]} Rad8 {[%emt 0:00:44]} 20. Qf4 {[%emt 0:02:50]} Rxd1 {[%emt 0:08:19]} 21. Bxd1 {[%emt 0:03:46]} Qd4 {[%emt 0:00:26]} 22. Bg4 {[%emt 0:02:42]} Qd7 {[%emt 0:00:29]} 23. Bxe6 {[%emt 0:00:16]} Qxe6 {[%emt 0:01:15]} 24. h3 {[%emt 0:04:30]} Rd8 {[%emt 0:06:22]} 25. Rf2 {[%emt 0:01:59]} Rd4 {[%emt 0:07:58]} 26. Qb8+ {[%emt 0:03:32]} Kg7 {[%emt 0:00:17]} 27. Qxb7 1/2-1/2

[Event "22nd Wasselonne Open 2018"]
[Site "Wasselonne"]
[Date "2018.08.05"]
[Round "7"]
[White "Frantz, Nicolas"]
[Black "Bellahcene, Bilel"]
[Result "0-1"]
[WhiteElo "2080"]
[BlackElo "2507"]
[Annotator "TA"]
[PlyCount "72"]
[EventDate "2018.08.02"]
[EventType "swiss"]
[EventCountry "FRA"]
[SourceTitle "playchess.com"]
[Source "ChessBase"]
[SourceQuality "1"]

{[%evp 21,72,-14,-9,-30,-26,-81,-82,-83,-70,-81,-37,-35,-20,-16,-23,-33,-39,-129,-129,-140,-140,-131,-118,-140,-140,-175,-173,-200,-191,-195,-193,-233,-233,-237,-226,-246,-196,-278,-281,-302,-300,-335,-321,-323,-310,-425,-416,-560,-528,-626,-612,-552,-441]} 1. e4 c5 2. Nf3 d6 3. d4 cxd4 4. Qxd4 Nf6 5. Nc3 Nc6 6. Bb5 Bd7 7. Bxc6 Bxc6 8. Bg5 e6 9. Qd3 {B53: Sicilian: 2...d6: Lines with Qxd4} Be7 10. Nd4 Qa5 11. Bd2 Qc7 {LiveBook: 13 Games} 12. Ndb5 $146 ({Predecessor:} 12. O-O-O a6 13. f4 b5 14. e5 dxe5 15. fxe5 Nd7 16. Qg3 b4 17. Qxg7 Rf8 18. Nce2 Be4 19. Qg4 Qxe5 20. Bh6 {½-½ (43) Artemiev,V (2676)-Kokarev,D (2611) Khanty-Mansiysk 2015}) 12... Qd7 13. Bf4 (13. a4 $11) 13... e5 $17 14. Bg5 Nxe4 $1 15. Bxe7 Kxe7 16. Nxe4 Bxe4 17. Qxe4 {Strongly threatening Qd3.} Qxb5 18. O-O-O Rac8 $36 {[%cal Ba8c8,Bc8c7,Bc7c4][%mdl 2080] Black is more active.} 19. f4 {[#]} (19. Rd2 $15) 19... Qc4 $1 {[%cal Rc4e4]} 20. Qxb7+ Rc7 {[%csl Gc7][%cal Rc4c2]} 21. Qb3 Qxf4+ 22. Kb1 Qc4 23. Qxc4 Rxc4 {[%mdl 4096] Endgame KRR-KRR} 24. Rd5 Rhc8 25. c3 R8c5 26. Rhd1 Rxd5 27. Rxd5 $19 {KR-KR} Rc5 28. Rd3 Ke6 29. b4 (29. Rh3 $142) 29... Rc4 30. Kb2 d5 31. Kb3 f5 {[%cal Bf7f5,Bf5f4][%mdl 32]} 32. a4 f4 33. b5 e4 {[%cal Be5e4,Be4e3][%mdl 32]} 34. Rd2 e3 {Black is clearly winning.} 35. Ra2 Re4 36. Re2 Ke5 {Precision: White = 22%, Black = 82%.} 0-1